[Event "Titled Tuesday intern op 16th Jan Late"]
[Site "Chess.com INT"]
[Date "2024.01.16"]
[Round "1"]
[White "Al Tarbosh, Ward"]
[Black "McCamon, Boyd"]
[Result "1-0"]
[WhiteElo "2278"]
[BlackElo "2260"]
[PlyCount "47"]
[EventDate "2024.01.16"]
[EventType "swiss (blitz)"]
[EventRounds "11"]
[EventCountry "USA"]
[SourceTitle "CB04_2024"]
[SourceDate "2023.10.16"]
[SourceVersion "1"]
[SourceVersionDate "2023.10.16"]
[SourceQuality "1"]

1. e4 Nf6 2. e5 Nd5 3. d4 d6 4. Nf3 dxe5 5. Nxe5 g6 6. c4 Nb6 7. Nc3 Bg7 8. Bf4 0-0 9. Be2 N8d7 10. Nf3 c5 11. d5 Nf6 12. 0-0 Bg4 13. Ne5 Bxe2 14. Qxe2 Nbd7 15. Rfe1 Nxe5 16. Bxe5 Qd7 17. Rad1 Rfe8 18. h3 b6 19. Nb5 a6 20. Nc7 Rac8 21. Nxe8 Rxe8 22. b3 b5 23. Qf3 b4 24. d6 1-0

[Event "Titled Tuesday intern op 16th Jan Late"]
[Site "Chess.com INT"]
[Date "2024.01.16"]
[Round "5"]
[White "Marchesich, Giovanni"]
[Black "McCamon, Boyd"]
[Result "0-1"]
[WhiteElo "2210"]
[BlackElo "2260"]
[PlyCount "43"]
[EventDate "2024.01.16"]
[EventType "swiss (blitz)"]
[EventRounds "11"]
[EventCountry "USA"]
[SourceTitle "CB04_2024"]
[SourceDate "2023.10.16"]
[SourceVersion "1"]
[SourceVersionDate "2023.10.16"]
[SourceQuality "1"]

1. d4 Nc6 2. Bf4 e5 3. dxe5 g5 4. Bg3 Bg7 5. Nc3 h5 6. h3 Nge7 7. e4 Ng6 8. Qd2 Ncxe5 9. 0-0-0 h4 10. Bh2 d6 11. Be2 g4 12. hxg4 Bh6 13. f4 Nxg4 14. Nh3 Nxh2 15. Rxh2 Bxh3 16. Rxh3 Bxf4 17. Re3 c6 18. Kb1 Qg5 19. Bc4 Bxe3 20. Qxd6 Rd8 21. Bxf7+ Kxf7 22. Rf1+ 0-1

[Event "Hastings Challengers 9596"]
[Site "Hastings"]
[Date "1995.??.??"]
[Round "2"]
[White "McCamon, Boyd"]
[Black "Damm, Fabian"]
[Result "0-1"]
[WhiteElo "2305"]
[BlackElo "2205"]
[PlyCount "26"]
[EventDate "1995.12.??"]
[EventType "swiss"]
[EventRounds "11"]
[EventCountry "ENG"]
[SourceTitle "EXT 1998"]
[Source "ChessBase"]
[SourceDate "1997.11.17"]
[SourceVersion "1"]
[SourceVersionDate "1997.11.17"]
[SourceQuality "1"]

1. d4 Nf6 2. Bg5 d5 3. Nf3 g6 4. Nbd2 Nbd7 5. e3 Bg7 6. Be2 0-0 7. 0-0 b6 8. b4 Bb7 9. c3 Qe8 10. a4 a6 11. b5 e5 12. Qb3 e4 13. Ne1 axb5 0-1

[Event "Cappelle op 11th"]
[Site "Cappelle la Grande"]
[Date "1995.??.??"]
[Round "1"]
[White "McCamon, Boyd"]
[Black "Klovans, Janis"]
[Result "1-0"]
[WhiteElo "2295"]
[BlackElo "2500"]
[PlyCount "95"]
[EventDate "1995.03.??"]
[EventType "swiss"]
[EventRounds "9"]
[EventCountry "FRA"]
[SourceTitle "EXT 1997"]
[Source "ChessBase"]
[SourceDate "1996.11.15"]
[SourceVersion "1"]
[SourceVersionDate "1996.11.15"]
[SourceQuality "1"]

1. d4 Nf6 2. Bg5 Ne4 3. Bf4 c5 4. f3 Nf6 5. dxc5 Qa5+ 6. Nc3 Qxc5 7. e4 a6 8. Qd2 d6 9. g4 Be6 10. Nge2 Nc6 11. Be3 Ne5 12. Kf2 Qb4 13. Nf4 Rc8 14. Nd3 Nxd3+ 15. cxd3 g6 16. d4 Bg7 17. h4 Bxg4 18. a3 Qb3 19. fxg4 Nxg4+ 20. Kg3 Nxe3 21. Qxe3 Qxb2 22. Rc1 0-0 23. Bh3 e6 24. Ne2 b5 25. Rxc8 Rxc8 26. d5 Kf8 27. Kg2 exd5 28. exd5 Be5 29. Rf1 Qa2 30. Qd3 Re8 31. Rf2 Qa1 32. h5 Kg7 33. Qe3 Re7 34. h6+ Kf8 35. Qb6 Qxa3 36. Be6 f5 37. Qd8+ Re8 38. Qd7 Re7 39. Qd8+ Re8 40. Qd7 Re7 41. Qc8+ Re8 42. Qd7 Re7 43. Qd8+ Re8 44. Qg5 Re7 45. Rxf5+ Ke8 46. Rxe5 dxe5 47. Qxe5 Rb7 48. d6 1-0

[Event "Hastings op 9495"]
[Site "Hastings"]
[Date "1994.??.??"]
[Round "?"]
[White "McCamon, Boyd"]
[Black "Hunt, Harriet"]
[Result "1-0"]
[WhiteElo "2295"]
[BlackElo "2225"]
[PlyCount "61"]
[EventDate "1994.12.??"]
[EventType "swiss"]
[EventRounds "9"]
[EventCountry "ENG"]
[SourceTitle "EXT 1998"]
[Source "ChessBase"]
[SourceDate "1997.11.17"]
[SourceVersion "1"]
[SourceVersionDate "1997.11.17"]
[SourceQuality "1"]

1. d4 d5 2. Nf3 Nf6 3. e3 e6 4. Bd3 c5 5. c3 Nbd7 6. Nbd2 Bd6 7. 0-0 0-0 8. e4 dxe4 9. Nxe4 Nxe4 10. Bxe4 Nf6 11. Bc2 b6 12. Bg5 Ba6 13. Re1 Rc8 14. Ne5 cxd4 15. Qxd4 Be7 16. Qh4 g6 17. Rad1 Nd5 18. Bxe7 Qxe7 19. Qxe7 Nxe7 20. Rd7 Nc6 21. Nxc6 Rxc6 22. Rxa7 Bc8 23. Rd1 e5 24. Bb3 h5 25. Re7 Be6 26. Bxe6 fxe6 27. Rdd7 Rf6 28. Kf1 b5 29. Rb7 Rc5 30. Re8+ Rf8 31. Rxe6 1-0